| 000 | 00832nam a2200121Ia 4500 | ||
|---|---|---|---|
| 008 | 220620s9999||||xx |||||||||||||| ||und|| | ||
| 100 | _aPineda Olivieri, Jesús Humberto, | ||
| 245 | 4 | _aThe Transformational Potential of Higher Education Inclusion - Biographical Trajectories of Students from Disadvantaged Environments in Venezuela | |
| 546 | _aEnglish[eng] | ||
| 650 | _ainclusion||higher education||Venezuela||Latin America||Mission Sucre||Pierre Bourdieu | ||
| 856 | _uhttps://library.oapen.org/bitstream/20.500.12657/31291/1/632110.pdf||https://library.oapen.org/bitstream/20.500.12657/31291/1/632110.pdf||https://library.oapen.org/bitstream/20.500.12657/31291/1/632110.pdf||https://library.oapen.org/bitstream/20.500.12657/31291/1/632110.pdf||https://library.oapen.org/bitstream/20.500.12657/31291/1/632110.pdf | ||
| 942 | _cEB | ||
| 999 |
_c29398 _d29398 |
||